000 00304nam a22001337a 4500
008 180315b xxu||||| |||| 00| 0 eng d
020 _a9781308656410
041 _aeng
080 _a330.101.541
100 _a52
101 _aMAK
245 _aPrinciples of macroeconomics
_cSlice,S
942 _2udc
_cBK
999 _c45123
_d45123